[Event "Konjic op 12th"]
[Site "Konjic"]
[Date "2023.03.03"]
[Round "4"]
[White "Vidovic, Sasa"]
[Black "Ekmescic, Tarik"]
[Result "1-0"]
[WhiteElo "2214"]
[BlackElo "1935"]
[PlyCount "63"]
[EventDate "2023.03.01"]
[EventType "swiss"]
[EventRounds "7"]
[EventCountry "BIH"]
[SourceTitle "CBM 213 Extra"]
[Source "ChessBase"]
[SourceDate "2023.05.31"]
[SourceVersion "1"]
[SourceVersionDate "2023.05.31"]
[SourceQuality "1"]

1. b3 e5 2. Bb2 Nc6 3. e3 g6 4. Nf3 Bg7 5. d4 e4 6. Nfd2 f5 7. h4 Qe7 8. g3 Nf6 9. c4 d6 10. Nc3 Bd7 11. a3 a5 12. Nd5 Qd8 13. Nf4 0-0 14. Qc2 Qe8 15. h5 g5 16. h6 Bh8 17. Nd5 Rc8 18. Nxf6+ Rxf6 19. 0-0-0 Qf8 20. Rh5 Rg6 21. Be2 Qf6 22. Rdh1 Nd8 23. g4 Qe7 24. gxf5 Bxf5 25. f3 d5 26. cxd5 c5 27. Bc4 Qd7 28. fxe4 Bg4 29. a4 cxd4 30. exd4 Bxh5 31. Rxh5 Nf7 32. e5 1-0

[Event "Konjic op 12th"]
[Site "Konjic"]
[Date "2023.03.01"]
[Round "1"]
[White "Dzafic, Jakub"]
[Black "Vidovic, Sasa"]
[Result "0-1"]
[WhiteElo "1841"]
[BlackElo "2214"]
[PlyCount "76"]
[EventDate "2023.03.01"]
[EventType "swiss"]
[EventRounds "7"]
[EventCountry "BIH"]
[SourceTitle "CBM 213 Extra"]
[Source "ChessBase"]
[SourceDate "2023.05.31"]
[SourceVersion "1"]
[SourceVersionDate "2023.05.31"]
[SourceQuality "1"]

1. e4 d6 2. d4 Nf6 3. Nc3 c6 4. h3 e5 5. dxe5 dxe5 6. Qxd8+ Kxd8 7. a3 Bd6 8. Bg5 Nbd7 9. Bc4 Ke7 10. Nf3 h6 11. Be3 b5 12. Bd3 a6 13. 0-0 Bb7 14. Nh4 g6 15. f3 Bc5 16. Bxc5+ Nxc5 17. Be2 Nh5 18. Rfd1 Ne6 19. Kf2 Nhf4 20. Bf1 Nd4 21. Rac1 Rhd8 22. g3 Nfe6 23. Ng2 Rd7 24. Ne3 f5 25. Bd3 Rf8 26. exf5 gxf5 27. Be2 c5 28. Rf1 Ng5 29. h4 Ngxf3 30. Bxf3 Bxf3 31. Rce1 Ke6 32. Nb1 f4 33. gxf4 Rxf4 34. c3 Be2+ 35. Kg3 Bxf1 36. Rxf1 Nf3 37. Ng2 Ng5 38. hxg5 Rxf1 0-1

[Event "Chess.com Bullet op2"]
[Site "Chess.com INT"]
[Date "2020.12.19"]
[Round "4"]
[White "Kwon, Sehyun"]
[Black "Vidovic, Sasa"]
[Result "1-0"]
[WhiteElo "2167"]
[BlackElo "2210"]
[PlyCount "33"]
[EventDate "2020.12.19"]
[EventType "swiss (blitz)"]
[EventRounds "21"]
[EventCountry "USA"]
[SourceTitle "EXT 2022"]
[Source "ChessBase"]
[SourceDate "2021.10.06"]
[SourceVersion "1"]
[SourceVersionDate "2021.10.06"]
[SourceQuality "1"]

1. e4 d6 2. d4 Nf6 3. Nc3 Nc6 4. Nge2 e5 5. h3 exd4 6. Nxd4 Bd7 7. Be3 Be7 8. Bc4 0-0 9. 0-0 Re8 10. Re1 Bf8 11. Bg5 h6 12. Bxf6 Qxf6 13. Nf3 Ne5 14. Nxe5 Qxe5 15. Qf3 c6 16. Qxf7+ Kh7 17. Qxd7 1-0

[Event "Chess.com Bullet op2"]
[Site "Chess.com INT"]
[Date "2020.12.19"]
[Round "2"]
[White "Lodici, Lorenzo"]
[Black "Vidovic, Sasa"]
[Result "1-0"]
[WhiteElo "2483"]
[BlackElo "2210"]
[PlyCount "79"]
[EventDate "2020.12.19"]
[EventType "swiss (blitz)"]
[EventRounds "21"]
[EventCountry "USA"]
[SourceTitle "EXT 2022"]
[Source "ChessBase"]
[SourceDate "2021.10.06"]
[SourceVersion "1"]
[SourceVersionDate "2021.10.06"]
[SourceQuality "1"]

1. d4 d6 2. c4 Nf6 3. Nf3 Bf5 4. Nc3 Nbd7 5. Qb3 b6 6. d5 e5 7. dxe6 Bxe6 8. Nd4 Nc5 9. Qb5+ Bd7 10. Nc6 Qc8 11. Nd5 a6 12. Nxf6+ gxf6 13. Qb4 Bxc6 14. Qc3 Be7 15. f3 Qe6 16. Be3 0-0-0 17. Bd4 Rhg8 18. e3 f5 19. 0-0-0 Na4 20. Qc2 Bf6 21. Bd3 Kb8 22. Bxf5 Qe7 23. Bxh7 Rg7 24. b3 Bxd4 25. exd4 Nc3 26. Rde1 Qg5+ 27. Kb2 Nxa2 28. Kxa2 Qxg2 29. Rhg1 Qxc2+ 30. Bxc2 Rxg1 31. Rxg1 Bxf3 32. Rf1 Bh5 33. h4 Rh8 34. Rh1 Bg6 35. Bd1 Be4 36. Rh2 a5 37. h5 a4 38. bxa4 d5 39. Kb3 Rh6 40. c5 1-0

[Event "Chess.com Bullet op2"]
[Site "Chess.com INT"]
[Date "2020.12.19"]
[Round "3"]
[White "Vidovic, Sasa"]
[Black "Starozhilov, Leonid"]
[Result "0-1"]
[WhiteElo "2210"]
[BlackElo "2318"]
[PlyCount "72"]
[EventDate "2020.12.19"]
[EventType "swiss (blitz)"]
[EventRounds "21"]
[EventCountry "USA"]
[SourceTitle "EXT 2022"]
[Source "ChessBase"]
[SourceDate "2021.10.06"]
[SourceVersion "1"]
[SourceVersionDate "2021.10.06"]
[SourceQuality "1"]

1. b3 d6 2. Bb2 e5 3. e3 Nf6 4. d4 e4 5. c4 c6 6. d5 Be7 7. dxc6 Nxc6 8. Nc3 0-0 9. g3 Ne5 10. Be2 Be6 11. h4 a6 12. Nh3 Bxh3 13. Rxh3 Qd7 14. Rh1 Qf5 15. Nd5 Nxd5 16. Qxd5 Rac8 17. Bxe5 dxe5 18. Qxb7 Rb8 19. Qxe7 Rfd8 20. Qc7 Rbc8 21. Qb6 h6 22. Rd1 Re8 23. Rd5 Re6 24. Qb7 Rf6 25. g4 Qxf2+ 26. Kd1 Rf8 27. g5 Rg6 28. Rf1 Qxe3 29. Rd7 hxg5 30. Rfxf7 Rxf7 31. Rxf7 Rd6+ 32. Ke1 Qg1+ 33. Bf1 Qg3+ 34. Ke2 Qg4+ 35. Ke1 Rd1+ 36. Kf2 Qxh4+ 0-1

[Event "Titled Tuesday intern op 24th Nov"]
[Site "Chess.com INT"]
[Date "2020.11.24"]
[Round "1"]
[White "Obregon, Carlos Andres"]
[Black "Vidovic, Sasa"]
[Result "1-0"]
[WhiteElo "2525"]
[BlackElo "2209"]
[PlyCount "71"]
[EventDate "2020.11.24"]
[EventType "swiss (blitz)"]
[EventRounds "11"]
[EventCountry "USA"]
[SourceTitle "CBM 199 Extra"]
[Source "ChessBase"]
[SourceDate "2021.01.31"]
[SourceVersion "1"]
[SourceVersionDate "2021.01.31"]
[SourceQuality "1"]

1. d4 e6 2. Nf3 d5 3. Bf4 f5 4. e3 Nf6 5. c4 c6 6. Nc3 Bd6 7. Bd3 0-0 8. 0-0 Ne4 9. Qc2 Qe7 10. Rab1 Nd7 11. Bxd6 Qxd6 12. b4 Nxc3 13. Qxc3 b6 14. c5 bxc5 15. bxc5 Qc7 16. Rb3 f4 17. e4 dxe4 18. Bxe4 Nf6 19. Re1 Nd5 20. Qd3 g6 21. Reb1 a5 22. Ne5 Ba6 23. Qd2 a4 24. R3b2 Bb5 25. h3 Rad8 26. Bd3 f3 27. Bxb5 cxb5 28. Rxb5 fxg2 29. Rb7 Qc8 30. Qh6 Nc7 31. Nxg6 hxg6 32. Qxg6+ Kh8 33. Qh5+ Kg8 34. Qg5+ Kh8 35. Qh4+ Kg8 36. Qg3+ 1-0

[Event "Titled Tuesday intern op 24th Nov"]
[Site "Chess.com INT"]
[Date "2020.11.24"]
[Round "11"]
[White "Tsatsalashvili, Ketevan"]
[Black "Vidovic, Sasa"]
[Result "1-0"]
[WhiteElo "2331"]
[BlackElo "2209"]
[PlyCount "73"]
[EventDate "2020.11.24"]
[EventType "swiss (blitz)"]
[EventRounds "11"]
[EventCountry "USA"]
[SourceTitle "CBM 199 Extra"]
[Source "ChessBase"]
[SourceDate "2021.01.31"]
[SourceVersion "1"]
[SourceVersionDate "2021.01.31"]
[SourceQuality "1"]

1. d4 e6 2. Nf3 d5 3. Bf4 c6 4. e3 f5 5. c4 Nf6 6. Nc3 Bd6 7. Bxd6 Qxd6 8. Be2 0-0 9. 0-0 Ne4 10. Rc1 Nd7 11. cxd5 exd5 12. Qc2 h6 13. Ne1 Ndf6 14. Nd3 Bd7 15. Ne5 Rae8 16. f3 Ng5 17. b4 Nf7 18. f4 Bc8 19. a3 Ng4 20. Qd2 a5 21. b5 Bd7 22. bxc6 bxc6 23. Na4 Nfxe5 24. fxe5 Qxa3 25. Nc5 Bc8 26. Rc3 Qb4 27. h3 Nxe5 28. dxe5 Rxe5 29. Nd3 Qe7 30. Nxe5 Qxe5 31. Rxc6 a4 32. Rc5 Be6 33. Ra5 f4 34. Rxf4 Rb8 35. Raxa4 g5 36. Rf1 Rb3 37. Qd4 1-0

[Event "Titled Tuesday intern op 24th Nov"]
[Site "Chess.com INT"]
[Date "2020.11.24"]
[Round "5"]
[White "Vidovic, Sasa"]
[Black "Ivanisevic, Ivan"]
[Result "1/2-1/2"]
[WhiteElo "2209"]
[BlackElo "2608"]
[PlyCount "93"]
[EventDate "2020.11.24"]
[EventType "swiss (blitz)"]
[EventRounds "11"]
[EventCountry "USA"]
[SourceTitle "CBM 199 Extra"]
[Source "ChessBase"]
[SourceDate "2021.01.31"]
[SourceVersion "1"]
[SourceVersionDate "2021.01.31"]
[SourceQuality "1"]

1. Nf3 d5 2. d4 Nf6 3. Bf4 c5 4. c3 Nc6 5. e3 Qb6 6. Qb3 c4 7. Qc2 Bf5 8. Qc1 e6 9. h3 Be7 10. Nbd2 h6 11. Be2 Qa5 12. 0-0 0-0 13. Ne5 Nxe5 14. Bxe5 Nd7 15. Bg3 b5 16. a3 Rfc8 17. Bg4 Bd3 18. Re1 Qd8 19. e4 dxe4 20. Nxe4 Bxe4 21. Rxe4 f5 22. Rxe6 fxg4 23. hxg4 Nf8 24. Re4 Bd6 25. Bxd6 Qxd6 26. Qe3 Nd7 27. Re6 Qd5 28. Re1 Nf6 29. Re5 Qd7 30. f3 Re8 31. g5 hxg5 32. Qxg5 a6 33. Qg6 Qf7 34. Qf5 Rxe5 35. Rxe5 Re8 36. g4 Nd7 37. Rxe8+ Qxe8 38. Kg2 Nf6 39. Kf2 Qd7 40. Qe5 Nd5 41. Qb8+ Kf7 42. Qe5 Qe6 43. Qh5+ Kg8 44. Qg5 Kf7 45. Qh5+ Ke7 46. Qg5+ Kf7 47. Qh5+ 1/2-1/2

[Event "Titled Tuesday intern op 08th Sept"]
[Site "Chess.com INT"]
[Date "2020.09.08"]
[Round "4"]
[White "Arjun, Kalyan"]
[Black "Vidovic, Sasa"]
[Result "1-0"]
[WhiteElo "2477"]
[BlackElo "2209"]
[PlyCount "117"]
[EventDate "2020.09.08"]
[EventType "swiss (blitz)"]
[EventRounds "10"]
[EventCountry "USA"]
[SourceTitle "CBM 198 Extra"]
[Source "ChessBase"]
[SourceDate "2020.11.30"]
[SourceVersion "1"]
[SourceVersionDate "2020.11.30"]
[SourceQuality "1"]

1. e4 d6 2. d4 Nf6 3. Bd3 e5 4. c3 c6 5. Nf3 Qc7 6. 0-0 Bg4 7. h3 Bh5 8. Nbd2 Nbd7 9. Re1 Be7 10. Nf1 0-0 11. Ng3 Bg6 12. Nh4 Rfe8 13. Nhf5 Bf8 14. Qf3 exd4 15. cxd4 c5 16. Be3 cxd4 17. Bxd4 Ne5 18. Bxe5 dxe5 19. Rac1 Qb6 20. b3 Rac8 21. Bc4 Qa5 22. a4 a6 23. Nh6+ gxh6 24. Qxf6 Bg7 25. Qf3 b5 26. axb5 axb5 27. Bd5 Rxc1 28. Rxc1 Qd2 29. Rc7 Qf4 30. Qc3 Rf8 31. Rc8 Rxc8 32. Qxc8+ Bf8 33. Nf5 Bxf5 34. exf5 e4 35. g3 Qe5 36. Qd7 Qe7 37. Qxb5 e3 38. Kf1 exf2 39. Kxf2 Qf6 40. Qd3 Bc5+ 41. Kf3 Qe5 42. Qe4 Qc3+ 43. Kg4 Kg7 44. Bc4 Bd6 45. Qd3 Qe5 46. h4 Kf6 47. Qf3 Qa1 48. Qd5 Qa3 49. Qxf7+ Ke5 50. Qe6+ Kd4 51. f6 Kc3 52. f7 Qc5 53. Qf6+ Kc2 54. Qf5+ Qxf5+ 55. Kxf5 Kc3 56. g4 Kd4 57. g5 Kc5 58. g6 Bf8 59. gxh7 1-0

[Event "Titled Tuesday intern op 08th Sept"]
[Site "Chess.com INT"]
[Date "2020.09.08"]
[Round "2"]
[White "Azaladze, Shota"]
[Black "Vidovic, Sasa"]
[Result "0-1"]
[WhiteElo "2439"]
[BlackElo "2209"]
[PlyCount "92"]
[EventDate "2020.09.08"]
[EventType "swiss (blitz)"]
[EventRounds "10"]
[EventCountry "USA"]
[SourceTitle "CBM 198 Extra"]
[Source "ChessBase"]
[SourceDate "2020.11.30"]
[SourceVersion "1"]
[SourceVersionDate "2020.11.30"]
[SourceQuality "1"]

1. Nf3 d6 2. g3 Nf6 3. Bg2 c6 4. d4 Bg4 5. 0-0 Nbd7 6. Nc3 e5 7. h3 Bh5 8. d5 Qc7 9. g4 Bg6 10. Nh4 c5 11. e3 Be7 12. f4 h6 13. Nxg6 fxg6 14. a4 a6 15. a5 0-0-0 16. Qd3 g5 17. Qg6 Nf8 18. Qf5+ Kb8 19. fxe5 dxe5 20. Bd2 h5 21. gxh5 Rxh5 22. Qf3 Rh8 23. Ra4 Ng6 24. Be1 Nh4 25. Bxh4 Rxh4 26. Rxh4 gxh4 27. Qf5 Bd6 28. Qg6 Rd7 29. Qg5 Qxa5 30. Qxh4 Qb6 31. b3 c4 32. Qg3 cxb3 33. cxb3 Qxb3 34. Ne4 Nxe4 35. Bxe4 Ka7 36. Rf3 Rc7 37. Qg6 Rc1+ 38. Kg2 Qb2+ 39. Rf2 Qb4 40. Kf3 Bc5 41. Qxg7 Re1 42. Qg6 Rxe3+ 43. Kg2 Rxe4 44. Rc2 Re1 45. Qd3 Rg1+ 46. Kh2 Qf4+ 0-1

[Event "Titled Tuesday intern op 08th Sept"]
[Site "Chess.com INT"]
[Date "2020.09.08"]
[Round "1"]
[White "Rathanvel, VS."]
[Black "Vidovic, Sasa"]
[Result "0-1"]
[WhiteElo "2445"]
[BlackElo "2209"]
[PlyCount "90"]
[EventDate "2020.09.08"]
[EventType "swiss (blitz)"]
[EventRounds "10"]
[EventCountry "USA"]
[SourceTitle "CBM 198 Extra"]
[Source "ChessBase"]
[SourceDate "2020.11.30"]
[SourceVersion "1"]
[SourceVersionDate "2020.11.30"]
[SourceQuality "1"]

1. e4 d6 2. Nc3 Nf6 3. Nf3 Bg4 4. Be2 e6 5. 0-0 Be7 6. d4 d5 7. e5 Nfd7 8. h3 Bh5 9. Nb1 0-0 10. Be3 c5 11. c3 Nc6 12. Nbd2 Rc8 13. a3 cxd4 14. cxd4 a5 15. g4 Bg6 16. Ne1 Qb6 17. f4 f5 18. Nef3 fxg4 19. hxg4 Qxb2 20. f5 exf5 21. Rb1 Qxa3 22. Rb3 Qa2 23. Rxb7 Qa3 24. Rb3 Qa2 25. Rb7 Qa3 26. Bf2 fxg4 27. Rxd7 gxf3 28. Bxf3 Bf5 29. Bxd5+ Kh8 30. Rb7 Bh3 31. Rb3 Qa2 32. Qh5 Bf5 33. Nf3 Qe2 34. Re3 Qc2 35. Ng5 Bxg5 36. Qxg5 Nxd4 37. Rg3 Ne2+ 38. Kh2 Nxg3 39. Qxg3 Rc3 40. Qf4 Rcc8 41. Qe3 Bd3 42. Kg1 Bxf1 43. Kxf1 Qd1+ 44. Kg2 Qxd5+ 45. Kg3 Qe6 0-1

[Event "Titled Tuesday intern op 08th Sept"]
[Site "Chess.com INT"]
[Date "2020.09.08"]
[Round "3"]
[White "Vidovic, Sasa"]
[Black "Visakh, Narayanan Rajeswari"]
[Result "1/2-1/2"]
[WhiteElo "2209"]
[BlackElo "2516"]
[PlyCount "83"]
[EventDate "2020.09.08"]
[EventType "swiss (blitz)"]
[EventRounds "10"]
[EventCountry "USA"]
[SourceTitle "CBM 198 Extra"]
[Source "ChessBase"]
[SourceDate "2020.11.30"]
[SourceVersion "1"]
[SourceVersionDate "2020.11.30"]
[SourceQuality "1"]

1. b3 e5 2. Bb2 Nc6 3. e3 Nf6 4. Nf3 e4 5. Nd4 d5 6. c4 Nxd4 7. Bxd4 dxc4 8. Bxc4 Bd6 9. Nc3 0-0 10. Bxf6 Qxf6 11. Nxe4 Qg6 12. Ng3 Kh8 13. 0-0 Bg4 14. Be2 Bd7 15. d4 a5 16. Bd3 f5 17. Qc2 Qh6 18. f4 g6 19. Rae1 Rfe8 20. e4 fxe4 21. Nxe4 Bxf4 22. g3 Be3+ 23. Kg2 Bc6 24. d5 Bxd5 25. Qc3+ Kg8 26. Rf3 Bxe4 27. Bxe4 Rxe4 28. Rfxe3 Rxe3 29. Rxe3 Qg7 30. Qc4+ Kh8 31. Qd5 c6 32. Qd2 a4 33. Rd3 Rf8 34. Rd8 axb3 35. axb3 Qf6 36. Rxf8+ Qxf8 37. Qd7 Qf6 38. Qxb7 Qb2+ 39. Kh3 Qf6 40. Kg2 Qb2+ 41. Kh3 Qf6 42. Kg2 1/2-1/2

[Event "Titled Tuesday intern op 21st July"]
[Site "Chess.com INT"]
[Date "2020.07.21"]
[Round "9"]
[White "Koellner, Ruben Gideon"]
[Black "Vidovic, Sasa"]
[Result "1-0"]
[WhiteElo "2376"]
[BlackElo "2209"]
[PlyCount "83"]
[EventDate "2020.07.21"]
[EventType "swiss (blitz)"]
[EventRounds "10"]
[EventCountry "USA"]
[SourceTitle "CBM 197 Extra"]
[Source "ChessBase"]
[SourceDate "2020.09.30"]
[SourceVersion "1"]
[SourceVersionDate "2020.09.30"]
[SourceQuality "1"]

1. d4 Nf6 2. Bg5 d6 3. Nd2 c6 4. Bxf6 gxf6 5. e3 e5 6. dxe5 fxe5 7. c4 Be6 8. Ngf3 Be7 9. Qc2 Nd7 10. Bd3 Nc5 11. Bf5 Qd7 12. Bxe6 Qxe6 13. b4 Nd7 14. 0-0 f5 15. Rfd1 Rg8 16. Nf1 h5 17. Ng3 Rf8 18. Nxh5 0-0-0 19. b5 c5 20. Ng3 Rf7 21. Nd2 Rh8 22. Ndf1 Qh6 23. Nxf5 Qg5 24. Nxe7+ Rxe7 25. Rxd6 Reh7 26. Qg6 Qh4 27. Qg3 Qh5 28. Rad1 Qe8 29. e4 Rg8 30. Qd3 Nb6 31. Qe3 Kb8 32. f3 Nc8 33. R6d5 Qg6 34. R1d2 b6 35. a4 Rhg7 36. Ng3 Qf6 37. a5 Qh4 38. axb6 axb6 39. Rd7 Rxg3 40. hxg3 Qxg3 41. Qf2 Qf4 42. Re7 1-0

[Event "Titled Tuesday intern op 21st July"]
[Site "Chess.com INT"]
[Date "2020.07.21"]
[Round "10"]
[White "Vidovic, Sasa"]
[Black "Schrik, Rachid"]
[Result "1-0"]
[WhiteElo "2209"]
[BlackElo "2198"]
[PlyCount "103"]
[EventDate "2020.07.21"]
[EventType "swiss (blitz)"]
[EventRounds "10"]
[EventCountry "USA"]
[SourceTitle "CBM 197 Extra"]
[Source "ChessBase"]
[SourceDate "2020.09.30"]
[SourceVersion "1"]
[SourceVersionDate "2020.09.30"]
[SourceQuality "1"]

1. b3 a5 2. Bb2 a4 3. bxa4 Rxa4 4. e3 Nf6 5. Nf3 e6 6. Nc3 Ra8 7. Bd3 d5 8. 0-0 Bd6 9. e4 dxe4 10. Nxe4 Be7 11. Qe2 Nbd7 12. Nfg5 Nxe4 13. Nxe4 Nf6 14. Ng5 h6 15. Nf3 0-0 16. Ne5 Ba3 17. Bc3 Nd5 18. Qe4 f5 19. Qc4 Nxc3 20. Qxc3 Bd6 21. Rfe1 Qf6 22. f4 Ra3 23. Qb2 Ra5 24. Kh1 g5 25. Bc4 gxf4 26. d4 c6 27. Qb3 b5 28. Be2 Ra6 29. Bf3 Bxe5 30. Rxe5 Bd7 31. Rae1 Ra4 32. c3 Rc4 33. h3 Ra4 34. R1e2 Rfa8 35. Qb1 Kg7 36. Qc1 Rxa2 37. Rxa2 Rxa2 38. Kh2 Qg5 39. Kh1 Qg3 40. Re1 Rf2 41. Rf1 Rxf1+ 42. Qxf1 Qg6 43. Qe2 Qf6 44. c4 bxc4 45. Qxc4 Qh4 46. Qc3 Qf6 47. Qd2 Qe7 48. Qxf4 Qb4 49. Qe5+ Kf7 50. Kh2 Kf8 51. Bh5 Ke7 52. Bf3 1-0

[Event "Titled Tuesday intern op 14th July"]
[Site "Chess.com INT"]
[Date "2020.07.14"]
[Round "1"]
[White "Vidovic, Sasa"]
[Black "Drygalov, Sergey"]
[Result "0-1"]
[WhiteElo "2209"]
[BlackElo "2483"]
[PlyCount "72"]
[EventDate "2020.07.14"]
[EventType "swiss (blitz)"]
[EventRounds "10"]
[EventCountry "USA"]
[SourceTitle "CBM 197 Extra"]
[Source "ChessBase"]
[SourceDate "2020.09.30"]
[SourceVersion "1"]
[SourceVersionDate "2020.09.30"]
[SourceQuality "1"]

1. b3 e5 2. Bb2 Nc6 3. e3 Nf6 4. Nf3 e4 5. Nd4 Nxd4 6. Bxd4 d5 7. c4 c6 8. Nc3 Be7 9. cxd5 cxd5 10. Bb5+ Bd7 11. Bxd7+ Qxd7 12. 0-0 0-0 13. d3 Qe6 14. dxe4 dxe4 15. Qe2 a6 16. Rac1 b5 17. Rfd1 Rfd8 18. h3 Rac8 19. Bxf6 Bxf6 20. Nd5 Be5 21. Rxc8 Rxc8 22. a4 bxa4 23. bxa4 h6 24. Nf4 Bxf4 25. exf4 Qc4 26. Qg4 Re8 27. a5 Qc5 28. Qd7 Rc8 29. Re1 f5 30. g4 Rf8 31. g5 Qxa5 32. Rc1 Qb6 33. Rc6 Qb1+ 34. Kg2 hxg5 35. Rg6 Qb2 36. Rxg5 Qf6 0-1

[Event "Titled Tuesday intern op 7th July"]
[Site "Chess.com INT"]
[Date "2020.07.07"]
[Round "1"]
[White "Vidovic, Sasa"]
[Black "Cardoso Cardoso, Jose Gabriel"]
[Result "0-1"]
[WhiteElo "2209"]
[BlackElo "2414"]
[PlyCount "90"]
[EventDate "2020.07.07"]
[EventType "swiss (blitz)"]
[EventRounds "10"]
[EventCountry "USA"]
[SourceTitle "CBM 197 Extra"]
[Source "ChessBase"]
[SourceDate "2020.09.30"]
[SourceVersion "1"]
[SourceVersionDate "2020.09.30"]
[SourceQuality "1"]

1. b3 d5 2. Bb2 Bg4 3. f3 Bh5 4. e4 dxe4 5. Qe2 c6 6. Qxe4 Bg6 7. Qc4 Qd5 8. Qxd5 cxd5 9. Bb5+ Nc6 10. Bxc6+ bxc6 11. d3 e6 12. Nc3 Bd6 13. 0-0-0 Ne7 14. Nge2 0-0 15. Na4 c5 16. h4 h5 17. g4 Rac8 18. Kb1 f6 19. Ka1 Nc6 20. a3 Kf7 21. Ka2 Rfd8 22. Rhg1 c4 23. dxc4 Bxc2 24. Rd2 dxc4 25. Rxc2 cxb3+ 26. Kxb3 Na5+ 27. Ka2 Rxc2 28. Nd4 Rxb2+ 29. Nxb2 Bc5 30. Nxe6 Kxe6 31. Re1+ Kf7 32. gxh5 Rd2 33. Kb1 Bd4 34. Na4 Nc4 35. Re4 Nxa3+ 36. Kc1 Rc2+ 37. Kd1 Bb6 38. Nxb6 axb6 39. Rb4 Rc3 40. Rxb6 Rxf3 41. Rb7+ Kg8 42. h6 gxh6 43. Ke2 Rh3 44. Kf2 Rxh4 45. Kg3 Rd4 0-1

[Event "Titled Tuesday intern op 7th July"]
[Site "Chess.com INT"]
[Date "2020.07.07"]
[Round "8"]
[White "Vidovic, Sasa"]
[Black "Gelman, Alexander"]
[Result "0-1"]
[WhiteElo "2209"]
[BlackElo "2403"]
[PlyCount "126"]
[EventDate "2020.07.07"]
[EventType "swiss (blitz)"]
[EventRounds "10"]
[EventCountry "USA"]
[SourceTitle "CBM 197 Extra"]
[Source "ChessBase"]
[SourceDate "2020.09.30"]
[SourceVersion "1"]
[SourceVersionDate "2020.09.30"]
[SourceQuality "1"]

1. b3 c5 2. Bb2 e6 3. e3 a6 4. Nf3 Nf6 5. Be2 d6 6. 0-0 Nbd7 7. d4 b6 8. c4 Bb7 9. Nc3 Rg8 10. dxc5 bxc5 11. Qc2 g5 12. Rfd1 Qc7 13. Nd2 g4 14. Bf1 h5 15. Nce4 Nxe4 16. Nxe4 f5 17. Nf6+ Nxf6 18. Bxf6 Kf7 19. Bh4 Bg7 20. Rac1 Be5 21. Rd2 a5 22. Rcd1 a4 23. Bg3 Bxg3 24. hxg3 Ra6 25. Bd3 Qc6 26. Bf1 axb3 27. axb3 Rga8 28. Qc3 Qc7 29. b4 cxb4 30. Qxb4 Rb6 31. Qc3 Qc5 32. Rb2 Rxb2 33. Qxb2 Be4 34. Ra1 Rxa1 35. Qxa1 e5 36. Qa6 Qc6 37. Qa7+ Qb7 38. Qa3 Ke6 39. c5 d5 40. Qa5 Qc6 41. Qa7 d4 42. exd4 exd4 43. Qg7 d3 44. Qg6+ Kd5 45. Qf7+ Kxc5 46. Qb3 Kd4 47. Qb2+ Qc3 48. Qb6+ Qc5 49. Qb2+ Kd5 50. Qb7+ Kc4 51. Qb2 Qb4 52. Qc1+ Qc3 53. Qf4 Qd4 54. Qc7+ Kb3 55. Qa5 Kc2 56. Qa2+ Qb2 57. Qc4+ Qc3 58. Qa2+ Kc1 59. f3 gxf3 60. gxf3 Bxf3 61. Kf2 Be4 62. Ke3 d2+ 63. Ke2 d1Q+ 0-1

[Event "Titled Tuesday intern op 30th June"]
[Site "Chess.com INT"]
[Date "2020.06.30"]
[Round "8"]
[White "Vidovic, Sasa"]
[Black "Peatman, Carter F"]
[Result "0-1"]
[WhiteElo "2209"]
[BlackElo "1963"]
[PlyCount "72"]
[EventDate "2020.06.30"]
[EventType "swiss (blitz)"]
[EventRounds "10"]
[EventCountry "USA"]
[SourceTitle "CBM 197 Extra"]
[Source "ChessBase"]
[SourceDate "2020.09.30"]
[SourceVersion "1"]
[SourceVersionDate "2020.09.30"]
[SourceQuality "1"]

1. b3 e5 2. Bb2 Nc6 3. e3 Nf6 4. Nf3 Bd6 5. d4 exd4 6. Nxd4 Nxd4 7. Qxd4 0-0 8. Nc3 Re8 9. 0-0-0 Bf8 10. Bd3 c6 11. e4 Qb6 12. Qxb6 axb6 13. f4 d6 14. h3 b5 15. Rhe1 b4 16. Na4 Nd7 17. c4 bxc3 18. Nxc3 b5 19. Bc2 Nb6 20. e5 dxe5 21. fxe5 b4 22. Na4 Nxa4 23. bxa4 Be6 24. Bb3 c5 25. Re4 c4 26. Bc2 c3 27. Ba1 Bxa2 28. Bb1 Rxa4 29. Rdd4 Bxb1 30. Kxb1 Ra3 31. e6 fxe6 32. Rf4 Rea8 33. Bxc3 bxc3 34. Kc2 Rc8 35. Rd7 Ra2+ 36. Kc1 c2 0-1